Normal view
MARC view
Entry Personal Name
001 - CONTROL NUMBER
- control field: 45074
003 - CONTROL NUMBER IDENTIFIER
- control field: dpl
005 - DATE AND TIME OF LATEST TRANSACTION
- control field: 20120413145908.0
008 - FIXED-LENGTH DATA ELEMENTS
- fixed length control field: 120413|||a|||||| | ||| d
040 ## - CATALOGING SOURCE
- Original cataloging agency: dpl
- Transcribing agency: dpl
100 ## - HEADING--PERSONAL NAME
- Personal name: Vasishtha, A.R.
670 ## - SOURCE DATA FOUND
- Source citation: Work cat.: (dpl): Vasishtha, A.R., Trigonometry as per U.P. unified syllabus w.e.f. 2011-2012 /, 2011
670 ## - SOURCE DATA FOUND
- Source citation: Work cat.: (dpl): Vasishtha, A.R., Trigonometry as per U.P. unified syllabus w.e.f. 2011-2012 /, 2011
